Komentár k zákonu o miestnych daniach

Zákon č. 582/2004 Z.z. bol 5-krát novelizovaný. Zavedením zákona o miestnych daniach boli rešpektované zámery vyplývajúce z reformy verejnej správy na zvýšenie právomocí a zodpovedností obcí. Komentár úplného znenia zákona.

Na minha lista:
Detalhes bibliográficos
Autor principal: Hečková, Radka
Outros Autores: Račková, Alena
Formato: Capítulo de Livro
Idioma:eslovaco
Assuntos:
Tags: Adicionar Tag
Sem tags, seja o primeiro a adicionar uma tag!

MARC

LEADER 00000naa$a2200000$$$4500
001 0041003
005 20231114090515.1
041 0 |a slo 
044 |a SK 
245 1 0 |a Komentár k zákonu o miestnych daniach  |c Radka Hečková, Alena Račková 
520 |a Zákon č. 582/2004 Z.z. bol 5-krát novelizovaný. Zavedením zákona o miestnych daniach boli rešpektované zámery vyplývajúce z reformy verejnej správy na zvýšenie právomocí a zodpovedností obcí. Komentár úplného znenia zákona. 
610 2 0 |a dane miestne 
610 2 0 |a zákony 
610 2 0 |a Slovensko 
610 2 0 |a komentáre 
610 2 0 |a 2004-2006 
100 1 |a Hečková, Radka 
700 1 |a Račková, Alena